000 00553nam a22002177i 4500
001 7613
003 OSt
005 20170126082402.0
007 tu
008 161220s xxu||||| |||| 00| 0 d
024 7 _a7613
_2RID
024 7 _a7613
_2RSN (alt)
040 _cOSt
245 0 0 _aLabour Force Survey (Macedonia)
260 _aSkopje.
490 _aLabour Force Survey (Macedonia)
651 _aMacedonia
110 2 _aRepublic of Macedonia - State Statistical Office
856 _uhttp://www.stat.gov.mk/english/
866 0 _uindividual for 1996-2008
942 _cST
999 _c6470
_d6470